000 00695nam a22002177a 4500
003 UA-OsUOA
001 136046
007 ta
008 20190304b un ||||| |||| 00| 0 ukr d
100 _aСлісаренко О. М.
090 _a93
_bС47
942 _cSA
040 _aUA-OsUOA
_bukr
_cUA-OsUOA
_dUA-OsUOA
245 _aУтворення україно-шведського союзу під час Великої Північної війни
300 _aС.66-80
955 _a0
041 _aukr
080 _a93
773 0 _w136043
_tПроблеми всксвітньої історії
_dК.
_d2018
_g2
650 7 _a9 Географія. Біографії. Історія
_2UDC
999 _c408984
_d408984